00857nas a2200229Ia 4500001001100000003000900011008004100020040001300061040001300074041001300087100004200100210001700142222001700159245007200176250001100248260003900259501008600298300001700384362003800401500015200439650003600591R010/67308IT-RoPAU151124c99999999xx |||||||||||| ||und|| aIT-RoPAU cIT-RoPAU aITALIANO aRenzi RenzogCodice Aut. SPICS: 2113 aCINEMA NUOVO aCinema Nuovo aCINEMA NUOVO, ANNO 02-N.004 (1 FEBBRAIO 1953)bArmata S'Agapo' (L') a1a ed. aVICENZAbSCUOLA DI ARZIGNANOc1953 bPaulus - SPICS - Società San Paolo EM (non-commercial uses only)cCopyright2015 a3 p. [73-75] aANNO 002, N.004 (1 FEBBRAIO 1953) aSull'Occupazione Italiana della Grecia Durante L'Ultima Guerra. Proposta per Film per Sdebitarci Dalle Ingiustizie Compiute Contro il Popolo Greco. aCINEMAvPUBBLICAZIONE PERIODICA